Loading...

Business fluctuations/2e

Bibliographic Details
Main Author: Gordon, Robert Aaron
Format: Printed Book
Language:English
Published: New York Harper and Row 1961
Edition:2nd ed.
Subjects:
LEADER 00533nam a22001697a 4500
005 20151215125201.0
008 091109t xxu||||| |||| 00| 0 eng d
082 |a 338.54  |b GOR 
100 |a Gordon, Robert Aaron  |9 8089 
245 |a Business fluctuations/2e 
250 |a 2nd ed. 
300 |a xvi, 687p. 
653 |a Business economics 
942 |c BK  |6 _ 
260 |c 1961  |a New York  |b Harper and Row 
999 |c 98927  |d 98927 
952 |0 0  |1 0  |2 ddc  |4 0  |6 33854_GOR  |7 0  |9 124660  |a SMS  |b SMS  |c GEN  |d 2009-11-09  |o 338.54 GOR  |p SMS000910  |r 2009-11-09  |w 2009-11-09  |y BK